书目信息 |
| 题名: |
汽车底盘实训指导书
|
|
| 作者: | 叶健 主编 | |
| 分册: | ||
| 出版信息: | 北京 电子工业出版社 2014.06 |
|
| 页数: | 128页 | |
| 开本: | 26cm | |
| 丛书名: | ||
| 单 册: | ||
| 中图分类: | U463.103 , U472.41 | |
| 科图分类: | ||
| 主题词: | 汽车--教学参考资料--中等专业教育--底盘 , 公路运输 | |
| 电子资源: | ||
| ISBN: | 978-7-121-23258-9 | |
| 000 | 00956nam0 2200253 450 | |
| 001 | 706 | |
| 005 | 20160908144548.62 | |
| 010 | @a978-7-121-23258-9@dCNY25.00 | |
| 100 | @a20140718d2014 em y0chiy50 ea | |
| 101 | 0 | @achi |
| 102 | @aCN@b110000 | |
| 105 | @aa z 000yy | |
| 200 | 1 | @a汽车底盘实训指导书@9qi che di pan shi xun zhi dao shu@f叶健主编 |
| 210 | @a北京@c电子工业出版社@d2014.06 | |
| 215 | @a128页@c图@d26cm | |
| 300 | @a中等职业教育“十二五”规划课程改革创新示范教材 汽车运用与维修一体化教学通用教材 | |
| 330 | @a本书共分7个项目,将汽车维修基本知识、手动变速器的拆装与检修、离合器的检查与调整、制动器的检查与修理、驱动桥的拆装与检修、行驶系的拆装与检修、转向系的拆装与检修等7个大项目。 | |
| 606 | 0 | @a汽车@j教学参考资料@x中等专业教育@x底盘 |
| 606 | 0 | @a公路运输 |
| 690 | @aU463.103@v5 | |
| 690 | @aU472.41@v4 | |
| 701 | 0 | @a叶健@9ye jian@c(职业教育)@4主编 |
| 801 | 0 | @aCN@b唐山师范学院图书馆@c20160723 |
| 905 | @aZUCC@dU472.41@e308 | |
| 汽车底盘实训指导书/叶健主编.-北京:电子工业出版社,2014.06 |
| 128页:图;26cm |
| 中等职业教育“十二五”规划课程改革创新示范教材 汽车运用与维修一体化教学通用教材 |
| ISBN 978-7-121-23258-9:CNY25.00 |
| 本书共分7个项目,将汽车维修基本知识、手动变速器的拆装与检修、离合器的检查与调整、制动器的检查与修理、驱动桥的拆装与检修、行驶系的拆装与检修、转向系的拆装与检修等7个大项目。 |
| ● |
| 相关链接 |
|
|
|
|
正题名:汽车底盘实训指导书
索取号:U472.41/308
 
预约/预借
| 序号 | 登录号 | 条形码 | 馆藏地/架位号 | 状态 | 备注 |
| 1 | 903082 | 209030822 | 第二样本阅览室/ [索取号:U472.41/308] | 在馆 | |
| 2 | 903083 | 209030831 | 第三借阅区/ [索取号:U472.41/308] | 在馆 | |
| 3 | 903084 | 209030840 | 第三借阅区/ [索取号:U472.41/308] | 在馆 | |
| 4 | 903085 | 209030859 | 第三借阅区/ [索取号:U472.41/308] | 在馆 | |
| 5 | 903086 | 209030868 | 密集书库-物理学院/ [索取号:U472.41/308] | 在馆 |